| 000 | 00603nam a2200241 a 4500 | ||
|---|---|---|---|
| 001 | 0001-1060 | ||
| 003 | ELIB.Books | ||
| 008 | 141210 2010 eng | ||
| 020 | _a0830813799 | ||
| 035 | _a(ELIB.Books)0001-1215 | ||
| 092 |
_a248.8 _bEis |
||
| 100 | _aEisenman, Tom L. | ||
| 245 | _aTemptation Men Face | ||
| 260 |
_aDowners Grove _bInterVarsity Press _c1991 |
||
| 300 |
_a258 _c21 Cm |
||
| 500 | _aC/o Moe Lwai | ||
| 650 | _aChristian Life | ||
| 856 |
_nKBTS; Library _uKBTS; Elib. |
||
| 942 |
_2ddc _cBK |
||
| 990 | _a1 | ||
| 998 |
_cbat _e2014-12-10 |
||
| 999 |
_c11060 _d11060 |
||